000 00330 a2200157 4500
001 174465
020 _a
040 _cMagnum
100 _aBandeira, Pedro
240 1 0 _aTrocando as bolas
_lpor
245 1 0 _aTrocando as bolas
362 0 _a1899
440 1 _aMelhoramentos
697 _aIJ/AVENTURA, CRIANCAS
942 _cBK
999 _c174465
_d174465